000 00708cab a2200241 4500
001 WB3206-27
008 090401t1996 xxu||||| |||| 00| 0 eng d
035 _a(Sirsi) u21160
041 _aeng
245 _aRoyal land exempt
260 _c1996
350 _a0
490 _aHerald
_v1 February 1996, 1; 2 February 1996, 15(3)
520 _aThe DoE has omitted 6000 hectares of land on the Balmoral estate from a list of sites for special protection.
650 _aBALMORAL ESTATE
650 _aSCOTLAND
650 _aSPECIAL AREAS OF CONSERVATION
650 _aSPECIAL PROTECTION AREAS
690 _aENVIRONMENTAL AND LAND CONSULTANCY
690 _aLAND
942 _n0
948 _c04/03/1997
999 _c14202
_d14202